Văn hóa Nam Bộ sự hội tụ những dòng chảy /

Spremljeno u:
Bibliografski detalji
Glavni autor: Huỳnh Ngọc Trảng.
Format: Članak
Jezik:Vietnamese
Oznake: Dodaj oznaku
Bez oznaka, Budi prvi tko označuje ovaj zapis!
Thư viện lưu trữ: Thư viện Trường Đại học Đà Lạt
LEADER 00737nam a2200229 4500
001 DLU120139939
005 ##20120820
040 # # |a DLU  |b vie 
041 # # |a vie 
044 # # |a vn 
100 # # |a Huỳnh Ngọc Trảng. 
245 # # |a Văn hóa Nam Bộ sự hội tụ những dòng chảy /  |c Huỳnh Ngọc Trảng. 
773 # # |t Việt Nam học: Kỷ yếu Hội thảo quốc tế lần thứ nhất, Hà Nội 15-17.7.1998.tập II  |g 2000, tr. 98-109 
920 # # |a Phòng Tạp chí -- Trung tâm Thông tin - Thư viện Trường Đại học Đà Lạt 
994 # # |a DLU 
900 # # |a True 
911 # # |a Lý Thị Hồng Hạnh 
925 # # |a G 
926 # # |a A 
927 # # |a BB 
980 # # |a Thư viện Trường Đại học Đà Lạt